| 000 | 00394nam a2200169Ia 4500 | ||
|---|---|---|---|
| 005 | 20140407082853.0 | ||
| 008 | 140130s9999 xx 000 0 und d | ||
| 050 |
_aQL 696.S473 _b.G44 1999 |
||
| 245 |
_cGail Gibbons _aPenguins |
||
| 260 |
_bScholastic, _c1998 |
||
| 300 |
_a30 p. : _bill. ; _c23 cm. |
||
| 440 | _v1 | ||
| 521 | _aG4 | ||
| 526 | _c610 | ||
| 942 |
_cBK _2lcc |
||
| 999 |
_c40782 _d40782 |
||